Countries with Multiple Capitals - Statistics

General Stats
  • This quiz has been taken 42 times
  • The average score is 7 of 8
Answer Stats
Capitals Country % Correct
Sucre / La Paz Bolivia
97%
Pretoria / Bloemfontein / Cape Town South Africa
97%
Kuala Lumpur / Putrajaya Malaysia
92%
Colombo / Sri Jayawardenepura Kotte Sri Lanka
92%
Yamoussoukro / Abidjan Ivory Coast
82%
Porto-Novo / Cotonou Benin
76%
Gitega / Bujumbura Burundi
74%
Mbabane / Lobamba Eswatini
63%
No matching quizzes found
Score Distribution
Percent of People with Each Score
Percentile by Number Answered
Your Score History
You have not taken this quiz